000 00378 a2200121 4500
082 _a665.5388 ASP
245 _aDrainage of asphalt pavement structures.
250 _aSept. 1984 ed.
260 _a[College Park, Md., USA] :
_bAsphalt Institute,
_cc1984.
300 _aix, 118 p. :
_bill. ;
_c23 cm.
650 _aPavements, Asphalt.
650 _aRoad drainage.
830 0 _aManual series (Asphalt Institute) ;
999 _c1747
_d1747